00547 2200229 4500001002100000008004100021035002000062245005200082100001600134250000600150260003100156300001200187020002200199084001400221082000800235650001400243990001200257990001200269990001200281990001200293990001200305INLIS000000000001158 ind  a0010-0524000393 aChairil Anwar Pelopor Angkatan '45cH.B. Jassin aH.B. Jassin a1 aYogyakarta :bNarasic2018 a240 hlm a978-602-5792-10-6 a900 JAS c a900 aNon Fiksi a0744784 a0744785 a0744786 a0744787 a0744788